名称に「別」の入る市町村 - Statistics

General Stats
  • This quiz has been taken 302 times
    32 since last reset
  • The average score is 14 of 24
Answer Stats
Hint Answer % Correct
大分県 別府市
100%
北海道 士別市
83%
北海道 別海町
83%
北海道 江別市
78%
青森県 今別町
78%
北海道 紋別市
74%
北海道 芦別市
70%
北海道 登別市
70%
北海道 愛別町
70%
北海道 陸別町
70%
北海道 初山別村
61%
北海道 中頓別町
61%
北海道 遠別町
57%
北海道 浜頓別町
57%
北海道 幕別町
57%
北海道 当別町
52%
北海道 秩父別町
52%
北海道 喜茂別町
48%
北海道 留別村
43%
北海道 留夜別村
43%
北海道 津別町
39%
北海道 更別村
35%
北海道 本別町
30%
北海道 湧別町
26%
No matching quizzes found
Score Distribution
Percent of People with Each Score
Percentile by Number Answered
Your Score History
You have not taken this quiz since the last reset